00000000nam##2200000za#4500
0019.578259
003CaOODSP
00520210624190013
007cr |||||||||||
008150406|1986||||xxc|||||o    f|0| 0 eng|d
022 |a1488-5379
040 |aCaOODSP|beng
043 |an-cn---
0861 |aFs97-6/1441E-PDF
1101 |aCanada. |bDepartment of Fisheries and Oceans.
24510|aInfectious pancreatic necrosis virus in adult Arctic charr, Salvelinus alpinus (L.), in rivers in the Mackenzie Delta Region and Yukon Territory / |h[electronic resource]|cby B.W. Souter ... [et al.]
260 |aWinnipeg - Manitoba : |bFisheries and Oceans Canada |c1986.
300 |a17p.|bfigs., references, tables
4901 |aCanadian technical report of fisheries and aquatic sciences|x1488-5379|vNo. 1441
500 |aOn t.p.: Western Region, Winnipeg, Manitoba. The catalogue number and ISSN for the print edition appear in the PDF version.
546 |a(Résumé en français)
590 |a14-02-Supp|b2014-01-08
7201 |aSouter, B. W.
830#0|aCanadian technical report of fisheries and aquatic sciences,|x1488-5379|vNo. 1441|w(CaOODSP)9.504449
85640|ahttp://publications.gc.ca|qPDF|s655 KB|uhttps://publications.gc.ca/collections/collection_2013/mpo-dfo/Fs97-6-1441-eng.pdf|yNo. 1441